00713nam a2200157Ia 4500008004100000020001800041082001600059245013900075260003900214300001100253500002700264650012000291700003700411952009000448999001700538120622s9999 xx 000 0 und d a968-834-006-5 a330.1 T314p aTeoría y política económica en el proceso de desarrollo : ensayos en homenaje a Víctor L Urquidi / comp. Mario Carrillo Huerta aMéxico : Universidad Veracruzana a480 p. aIncluye bibliografía a1. TEORIA ECONOMICA - PAISES EN DESARROLLO \ 2. POLITICA ECONOMICA - PAISES EN DESARROLLO \ 3. DESARROLLO ECONOMICO aCarillo Huerta, Mario ; comp.Ì 00104070a22b22d2007-01-25l0o330.1 T314Pp01 004955r2012-06-24w2012-06-24yLB c57888d57888